[Event "Yogyakarta Piala Raja 7th"]
[Site "Yogyakarta"]
[Date "2019.10.23"]
[Round "5"]
[White "Pramudhito, Agustinus Arko"]
[Black "Rahman, Harmani"]
[Result "1-0"]
[WhiteElo "2112"]
[BlackElo "2106"]
[PlyCount "37"]
[EventDate "2019.10.21"]
[EventType "tourn"]
[EventRounds "9"]
[EventCountry "INA"]
[SourceTitle "CBM 192 Extra"]
[Source "Chessbase"]
[SourceDate "2019.11.06"]
[SourceVersion "1"]
[SourceVersionDate "2019.11.06"]
[SourceQuality "1"]

1. c4 c5 2. Nc3 Nc6 3. g3 Nf6 4. Bg2 g6 5. Nf3 Bg7 6. d4 cxd4 7. Nxd4 Nxd4 8. Qxd4 0-0 9. 0-0 a6 10. c5 d6 11. Rd1 Ne8 12. Qh4 Bf6 13. Bg5 Bxg5 14. Qxg5 f6 15. Qe3 Rb8 16. Rd2 b6 17. Nd5 bxc5 18. Nxe7+ Kg7 19. Nc6 1-0

[Event "Yogyakarta Piala Raja 7th"]
[Site "Yogyakarta"]
[Date "2019.10.23"]
[Round "6"]
[White "Suharto, Moh Wahyu Repelita"]
[Black "Pramudhito, Agustinus Arko"]
[Result "1/2-1/2"]
[WhiteElo "2100"]
[BlackElo "2112"]
[PlyCount "50"]
[EventDate "2019.10.21"]
[EventType "tourn"]
[EventRounds "9"]
[EventCountry "INA"]
[SourceTitle "CBM 192 Extra"]
[Source "Chessbase"]
[SourceDate "2019.11.06"]
[SourceVersion "1"]
[SourceVersionDate "2019.11.06"]
[SourceQuality "1"]

1. e4 c5 2. Ne2 Nc6 3. Nbc3 e5 4. d3 g6 5. g3 Bg7 6. Bg2 Nge7 7. 0-0 d6 8. h3 0-0 9. Be3 Nd4 10. f4 Rb8 11. Kh1 Nxe2 12. Qxe2 h6 13. Rf2 Be6 14. Raf1 Qd7 15. Kh2 Rbe8 16. Qd2 f6 17. b3 d5 18. f5 d4 19. fxe6 Qxe6 20. Nd5 dxe3 21. Qxe3 Nxd5 22. exd5 Qd6 23. Kh1 f5 24. Re2 h5 25. c4 Bf6 1/2-1/2

[Event "Yogyakarta Piala Raja 7th"]
[Site "Yogyakarta"]
[Date "2019.10.22"]
[Round "4"]
[White "Attakaatsur, Roid"]
[Black "Pramudhito, Agustinus Arko"]
[Result "0-1"]
[WhiteElo "2070"]
[BlackElo "2112"]
[PlyCount "80"]
[EventDate "2019.10.21"]
[EventType "tourn"]
[EventRounds "9"]
[EventCountry "INA"]
[SourceTitle "CBM 192 Extra"]
[Source "Chessbase"]
[SourceDate "2019.11.06"]
[SourceVersion "1"]
[SourceVersionDate "2019.11.06"]
[SourceQuality "1"]

1. d4 d6 2. e4 g6 3. Nc3 Bg7 4. Be3 c6 5. Qd2 b5 6. a3 a6 7. f3 Nd7 8. h4 h5 9. g3 Nb6 10. b3 Qc7 11. Nge2 Bb7 12. Bg2 Rc8 13. 0-0 Nf6 14. Rad1 Nbd7 15. Kh1 c5 16. d5 Ne5 17. Bh3 Rd8 18. Nf4 Qa5 19. a4 0-0 20. Ra1 b4 21. Nce2 Qc7 22. a5 Bc8 23. Bg2 Bd7 24. Nh3 Rb8 25. Bh6 Rfe8 26. Bxg7 Kxg7 27. f4 Bxh3 28. Bxh3 Neg4 29. Bg2 e6 30. dxe6 Rxe6 31. f5 Re5 32. Rae1 Rbe8 33. Nf4 Qc6 34. Qd3 gxf5 35. exf5 Rxe1 36. Bxc6 Nf2+ 37. Kg2 Nxd3 38. cxd3 Rxf1 39. Kxf1 Re5 40. Bb7 c4 0-1